[Event "Florianopolis-ch 50th"]
[Site "Florianopolis"]
[Date "2002.01.17"]
[Round "8"]
[White "Lodis, Luciano Uriel"]
[Black "Martins, Eliseu Colombi"]
[Result "1-0"]
[WhiteElo "1915"]
[BlackElo "1975"]
[PlyCount "47"]
[EventDate "2002.01.??"]
[EventType "tourn"]
[EventRounds "9"]
[EventCountry "BRA"]
[SourceTitle "EXT 2006"]
[Source "ChessBase"]
[SourceDate "2005.11.24"]
[SourceVersion "1"]
[SourceVersionDate "2005.11.24"]
[SourceQuality "1"]

1. d4 Nf6 2. Bg5 e6 3. e4 h6 4. Bxf6 Qxf6 5. e5 Qg6 6. Ne2 b6 7. Ng3 Bb7 8. Bd3 Qg5 9. 0-0 d5 10. Nd2 c5 11. c3 Nc6 12. f4 Qe7 13. f5 0-0-0 14. Rc1 Kb8 15. Bb5 Qc7 16. fxe6 fxe6 17. Qh5 Rd7 18. Qe8+ Qd8 19. Qxe6 Re7 20. Qg6 Rc7 21. Rf7 cxd4 22. Rxc7 Qxc7 23. cxd4 Ne7 24. Qe8+ 1-0

[Event "Florianopolis-ch 50th"]
[Site "Florianopolis"]
[Date "2002.01.12"]
[Round "9"]
[White "Franca, Ricardo Bedin"]
[Black "Lodis, Luciano Uriel"]
[Result "0-1"]
[WhiteElo "2060"]
[BlackElo "1915"]
[PlyCount "84"]
[EventDate "2002.01.??"]
[EventType "tourn"]
[EventRounds "9"]
[EventCountry "BRA"]
[SourceTitle "EXT 2006"]
[Source "ChessBase"]
[SourceDate "2005.11.24"]
[SourceVersion "1"]
[SourceVersionDate "2005.11.24"]
[SourceQuality "1"]

1. e4 e6 2. d4 d5 3. Nc3 dxe4 4. Nxe4 Be7 5. Nf3 Nf6 6. Bd3 Nbd7 7. Qe2 0-0 8. Bd2 b6 9. 0-0-0 Bb7 10. g4 c5 11. Nxf6+ Bxf6 12. g5 Bxd4 13. c3 Ne5 14. Nxe5 Bxe5 15. Rhg1 Qc7 16. Rg4 g6 17. h4 a6 18. h5 b5 19. Re1 Rad8 20. Rh4 Qd6 21. hxg6 fxg6 22. Rxh7 Bf3 23. Qxe5 Kxh7 24. Qxd6 Rxd6 25. Bc2 Kg7 26. Be3 Rd5 27. b4 cxb4 28. Bb3 bxc3 29. Bxd5 Bxd5 30. Kc2 b4 31. Bd4+ Kf7 32. Bc5 Rb8 33. a3 a5 34. axb4 axb4 35. Ra1 Rb5 36. Be3 e5 37. Bc1 Rc5 38. Ra7+ Ke8 39. Ra6 b3+ 40. Kb1 Be4+ 41. Ka1 Rd5 42. f4 Rd1 0-1

[Event "Florianopolis-ch 50th"]
[Site "Florianopolis"]
[Date "2002.01.09"]
[Round "2"]
[White "Becker Filho, Zeno Antonio"]
[Black "Lodis, Luciano Uriel"]
[Result "0-1"]
[WhiteElo "1807"]
[BlackElo "1915"]
[PlyCount "88"]
[EventDate "2002.01.??"]
[EventType "tourn"]
[EventRounds "9"]
[EventCountry "BRA"]
[SourceTitle "EXT 2006"]
[Source "ChessBase"]
[SourceDate "2005.11.24"]
[SourceVersion "1"]
[SourceVersionDate "2005.11.24"]
[SourceQuality "1"]

1. e4 e6 2. d4 d5 3. Nc3 Nf6 4. e5 Nfd7 5. Nf3 c5 6. Be3 Nc6 7. Bb5 cxd4 8. Bxd4 a6 9. Bxc6 bxc6 10. 0-0 c5 11. Be3 d4 12. Bxd4 cxd4 13. Qxd4 Bc5 14. Qe4 Rb8 15. b3 Rb4 16. Qd3 Qc7 17. Rad1 Bb7 18. Rfe1 Rf4 19. Ne4 Bxe4 20. Rxe4 Rxe4 21. Qxe4 h6 22. Qd3 Nb8 23. c4 0-0 24. Qd2 Nc6 25. Qe2 a5 26. Kf1 Rd8 27. Rxd8+ Qxd8 28. Qe4 Qd1+ 29. Qe1 Qxe1+ 30. Kxe1 Nb4 31. a3 Nd3+ 32. Kd2 Nxf2 33. Ke2 Ne4 34. Kd3 f5 35. exf6 Nxf6 36. a4 Kf8 37. h3 Ke7 38. g4 Kd6 39. g5 hxg5 40. Nxg5 Ke5 41. h4 Kf5 42. Nf3 e5 43. Ng5 e4+ 44. Ke2 Nh5 0-1